THE CONSTITUTION JAMMU & KASHMIR (Record no. 26703)

MARC details
000 -LEADER
fixed length control field 00294nam a22001337a 4500
003 - CONTROL NUMBER IDENTIFIER
control field SGT
082 ## - DEWEY DECIMAL CLASSIFICATION NUMBER
Classification number 342
Item number ANA
100 ## - MAIN ENTRY--PERSONAL NAME
Personal name ANAND A S
245 ## - TITLE STATEMENT
Title THE CONSTITUTION JAMMU & KASHMIR
250 ## - EDITION STATEMENT
Edition statement 2ND
260 ## - PUBLICATION, DISTRIBUTION, ETC. (IMPRINT)
Place of publication, distribution, etc NEW DELHI
Name of publisher, distributor, etc UNIVERSAL BOOK TRADERS
Year of Publication 1994
300 ## - PAGE DESCRIPTION
No. of Pages 517
942 ## - ADDED ENTRY ELEMENTS (KOHA)
Source of classification or shelving scheme Dewey Decimal Classification
Koha item type Books
Holdings
Withdrawn status Lost status Source of classification or shelving scheme Damaged status Not for loan Collection code Home library Current library Shelving location Date acquired SGTU Total Checkouts Full call number Accession No. (Barcode) Date last seen Bill Date Koha item type
    Dewey Decimal Classification   Not For Loan LAW SGT Science & Social Sciences Library SGT Science & Social Sciences Library Text Book 18/07/2024 SGTU   342 ANA FL3465 18/07/2024 18/07/2024 Books